| 000 | 00778nam a22002537a 4500 | ||
|---|---|---|---|
| 001 | 00078 | ||
| 003 | DO-SdBNP | ||
| 005 | 20240124100020.0 | ||
| 007 | 00078 | ||
| 008 | 160310b 1971 ag ||||| |||| 00| 0 spa d | ||
| 040 |
_aBPMSU _bspa _cBPMSU |
||
| 092 |
_axxxxxxxxx _bxxxxxxxxx |
||
| 100 | 1 | 0 | _aSarmiento, Dominigo Faustino |
| 245 |
_aFacundo : _cDomingo Faustino Sarmiento ; edición María Hortensia Lacau |
||
| 260 |
_aArgentina : _bKapelusz, _c1971 |
||
| 300 |
_a348 p. : _c17 cm. |
||
| 490 | 0 | 0 |
_aGrandes Obras de la Literatura Universal _v36 |
| 500 | _3Reusar/Rg. 9186 | ||
| 700 | 1 | 0 |
_aLacau, María Hortensia, _eed. |
| 830 | 1 | 0 |
_aGrandes Obras de la Literatura Universal _n36 |
| 942 |
_2ddc _cBK |
||
| 945 | _aInventariado, 2018 / YL | ||
| 956 |
_aBTAVAREZ _b10 _cBPMSU |
||
| 999 |
_c9186 _d9186 |
||